[Event "Online Olym Div3 A"]
[Site "Chess.com INT"]
[Date "2021.08.28"]
[Round "6.4"]
[White "Eynullaeva, Roza"]
[Black "Premanath, Dinushki"]
[Result "0-1"]
[WhiteElo "2069"]
[BlackElo "1793"]
[PlyCount "66"]
[EventDate "2021.08.27"]
[EventType "team-tourn (rapid)"]
[EventRounds "9"]
[EventCountry "USA"]
[SourceTitle "CBM 204 Extra"]
[Source "ChessBase"]
[SourceDate "2021.11.30"]
[SourceVersion "1"]
[SourceVersionDate "2021.11.30"]
[SourceQuality "1"]
[WhiteTeam "South Korea"]
[BlackTeam "Sri Lanka"]
[WhiteTeamCountry "KOR"]
[BlackTeamCountry "SRI"]

1. d4 Nf6 2. c4 e6 3. Nc3 Bb4 4. Qc2 0-0 5. Nf3 b6 6. Bg5 h6 7. Bh4 Bb7 8. e3 d5 9. a3 Be7 10. Be2 Nbd7 11. 0-0 c5 12. Rfd1 Rc8 13. dxc5 Nxc5 14. cxd5 exd5 15. Rac1 Nce4 16. Qb3 Nxc3 17. Rxc3 Rxc3 18. Qxc3 Ne4 19. Bxe7 Nxc3 20. Bxd8 Nxd1 21. Be7 Re8 22. Bd6 Nxb2 23. Bb5 Rc8 24. h3 Nc4 25. Bb4 a5 26. Be7 Bc6 27. Nd4 Bxb5 28. Nxb5 f6 29. Kf1 Kf7 30. Nd6+ Nxd6 31. Bxd6 Ke6 32. Bg3 b5 33. Ke2 Rc3 0-1

[Event "Titled Tuesday intern op 15th June"]
[Site "Chess.com INT"]
[Date "2021.06.15"]
[Round "4"]
[White "Eynullaeva, Roza"]
[Black "Janaszak, Dawid"]
[Result "0-1"]
[WhiteElo "2069"]
[BlackElo "2348"]
[PlyCount "66"]
[EventDate "2021.06.15"]
[EventType "swiss (blitz)"]
[EventRounds "11"]
[EventCountry "USA"]
[SourceTitle "CBM 203 Extra"]
[Source "ChessBase"]
[SourceDate "2021.09.30"]
[SourceVersion "1"]
[SourceVersionDate "2021.09.30"]
[SourceQuality "1"]

1. d4 d5 2. c4 c6 3. Nc3 Nf6 4. Bg5 e6 5. e3 Nbd7 6. Nf3 Qa5 7. Bxf6 Nxf6 8. Nd2 Bb4 9. Qc2 0-0 10. Bd3 dxc4 11. Nxc4 Qc7 12. a3 Bxc3+ 13. Qxc3 c5 14. Ne5 b6 15. 0-0 Bb7 16. dxc5 bxc5 17. Rac1 Nd5 18. Qxc5 Qxe5 19. e4 Rac8 20. Qb5 Rxc1 21. Rxc1 Qg5 22. Rd1 a6 23. Qxb7 Nf4 24. g3 Qg4 25. Rd2 Nh3+ 26. Kf1 Qf3 27. Bxa6 Qh1+ 28. Ke2 Ng1+ 29. Kd3 Nf3 30. Re2 Rd8+ 31. Ke3 Ne5 32. Kf4 f6 33. Re3 g5# 0-1

[Event "Titled Tuesday intern op 15th June"]
[Site "Chess.com INT"]
[Date "2021.06.15"]
[Round "8"]
[White "Grot, Blazej"]
[Black "Eynullaeva, Roza"]
[Result "0-1"]
[WhiteElo "1728"]
[BlackElo "2069"]
[PlyCount "88"]
[EventDate "2021.06.15"]
[EventType "swiss (blitz)"]
[EventRounds "11"]
[EventCountry "USA"]
[SourceTitle "CBM 203 Extra"]
[Source "ChessBase"]
[SourceDate "2021.09.30"]
[SourceVersion "1"]
[SourceVersionDate "2021.09.30"]
[SourceQuality "1"]

1. e4 e6 2. d4 d5 3. Nc3 Nf6 4. e5 Nfd7 5. f4 c5 6. Nf3 Nc6 7. Be3 a6 8. Qd2 cxd4 9. Nxd4 Bc5 10. 0-0-0 0-0 11. g4 Nxd4 12. Bxd4 b5 13. f5 exf5 14. gxf5 Bxd4 15. Qxd4 Qg5+ 16. Kb1 Qxf5 17. Qxd5 Rb8 18. Re1 Bb7 19. Qd6 Bxh1 20. Bd3 Qe6 21. Qxe6 fxe6 22. Rxh1 Nxe5 23. Be4 Rf2 24. b3 Rc8 25. Nd1 Re2 26. Bd3 Nxd3 27. cxd3 b4 28. Nb2 Rcc2 29. Nc4 Rxh2 30. Re1 Rce2 31. Rc1 Rxa2 32. Re1 Rae2 33. Rc1 h5 34. Rf1 h4 35. Kc1 h3 36. Nd6 Ra2 37. Kb1 Rhb2+ 38. Kc1 Ra1+ 39. Kxb2 Rxf1 40. Ne4 h2 41. Ng3 Rg1 42. Ne2 Rg2 43. Kc1 Rxe2 44. Kd1 Rg2 0-1

[Event "Titled Tuesday intern op 16th Feb"]
[Site "Chess.com INT"]
[Date "2021.02.16"]
[Round "10"]
[White "Eynullaeva, Roza"]
[Black "Jakubowska, Anna"]
[Result "0-1"]
[WhiteElo "2069"]
[BlackElo "2073"]
[PlyCount "104"]
[EventDate "2021.02.16"]
[EventType "swiss (blitz)"]
[EventRounds "11"]
[EventCountry "USA"]
[SourceTitle "EXT 2022"]
[Source "ChessBase"]
[SourceDate "2021.10.06"]
[SourceVersion "1"]
[SourceVersionDate "2021.10.06"]
[SourceQuality "1"]

1. d4 d5 2. c4 c6 3. Nc3 Nf6 4. Bg5 h6 5. Bxf6 exf6 6. e3 Be6 7. c5 Be7 8. a3 0-0 9. Bd3 Nd7 10. Nge2 Bg4 11. 0-0 Bxe2 12. Qxe2 Re8 13. Qg4 Nf8 14. f4 Qd7 15. Bf5 Qc7 16. Rf3 g6 17. Rg3 Kh7 18. h4 Kg7 19. Bd3 b6 20. b4 bxc5 21. bxc5 Rab8 22. h5 g5 23. Rf1 Rb3 24. fxg5 fxg5 25. Rgf3 f6 26. Bg6 Nxg6 27. hxg6 Rxc3 28. Rh3 Bd8 29. Qh5 Rh8 30. Rhf3 Qd7 31. Qh2 Kxg6 32. Qg3 Kg7 33. Qf2 Qe6 34. Qg3 Re8 35. Qb8 Rxe3 36. Qxa7+ Re7 37. Qa4 Rxf3 38. Rxf3 Qe1+ 39. Kh2 Qh4+ 40. Kg1 Re1+ 41. Rf1 Rxf1+ 42. Kxf1 Qf4+ 43. Kg1 Bc7 44. Qb4 h5 45. Qc3 h4 46. a4 g4 47. a5 h3 48. gxh3 gxh3 49. a6 h2+ 50. Kg2 Qe4+ 51. Kf2 h1Q 52. a7 Qhg2# 0-1

[Event "Titled Tuesday intern op 16th Feb"]
[Site "Chess.com INT"]
[Date "2021.02.16"]
[Round "4"]
[White "Eynullaeva, Roza"]
[Black "Korkmaz, Necmettin"]
[Result "1-0"]
[WhiteElo "2069"]
[BlackElo "2101"]
[PlyCount "111"]
[EventDate "2021.02.16"]
[EventType "swiss (blitz)"]
[EventRounds "11"]
[EventCountry "USA"]
[SourceTitle "EXT 2022"]
[Source "ChessBase"]
[SourceDate "2021.10.06"]
[SourceVersion "1"]
[SourceVersionDate "2021.10.06"]
[SourceQuality "1"]

1. d4 d5 2. c4 e5 3. dxe5 d4 4. a3 Nc6 5. Nf3 Nge7 6. e3 Bg4 7. Be2 dxe3 8. Bxe3 Qxd1+ 9. Bxd1 0-0-0 10. 0-0 Ng6 11. Nc3 Ncxe5 12. Nxe5 Nxe5 13. Bxg4+ Nxg4 14. Bg5 f6 15. Bc1 Bc5 16. b4 Bd4 17. Bb2 Rhe8 18. Rad1 Ne5 19. Na4 Bxb2 20. Nxb2 c5 21. h3 Kc7 22. f3 Nc6 23. bxc5 Nd4 24. Rf2 Ne2+ 25. Kf1 Nf4 26. Rfd2 Rxd2 27. Rxd2 Re5 28. Na4 Ne6 29. Nc3 Nxc5 30. Nb5+ Kb6 31. Rd6+ Ka5 32. Nxa7 Re3 33. Nb5 Nd3 34. g3 Rxf3+ 35. Kg2 Re3 36. Kf1 Rxg3 37. h4 Ne5 38. Rd5 Nxc4 39. Nd6+ Kb6 40. Nxc4+ Kc6 41. Rd2 Rg4 42. Ne3 Rxh4 43. Kg2 Re4 44. Kf3 Ra4 45. Rd3 b5 46. Nc2 g6 47. Nb4+ Kc7 48. Nd5+ Kd6 49. Nxf6+ Ke5 50. Nxh7 Rh4 51. Ng5 Kf5 52. Nf7 Rh3+ 53. Ke2 Rh2+ 54. Ke3 Rh3+ 55. Kd4 g5 56. Rxh3 1-0

[Event "Titled Tuesday intern op 16th Feb"]
[Site "Chess.com INT"]
[Date "2021.02.16"]
[Round "7"]
[White "Eynullaeva, Roza"]
[Black "Petrova, Irina"]
[Result "1-0"]
[WhiteElo "2069"]
[BlackElo "2120"]
[PlyCount "79"]
[EventDate "2021.02.16"]
[EventType "swiss (blitz)"]
[EventRounds "11"]
[EventCountry "USA"]
[SourceTitle "EXT 2022"]
[Source "ChessBase"]
[SourceDate "2021.10.06"]
[SourceVersion "1"]
[SourceVersionDate "2021.10.06"]
[SourceQuality "1"]

1. d4 d6 2. c4 e5 3. d5 Be7 4. Nc3 f5 5. e3 Nf6 6. Nf3 0-0 7. Be2 c6 8. 0-0 a5 9. a3 Na6 10. Rb1 Nc7 11. b4 cxd5 12. cxd5 axb4 13. Rxb4 Na6 14. Rb1 Nc5 15. Rb4 Qe8 16. Nb5 Qg6 17. Bb2 Nfe4 18. Kh1 Qh6 19. Nd2 Bh4 20. Nxe4 Nxe4 21. Kg1 Qg6 22. f3 Nf6 23. Rxh4 f4 24. exf4 Nh5 25. fxe5 Nf4 26. g3 dxe5 27. Bxe5 Nh5 28. Kh1 Bd7 29. Nc7 Rxa3 30. f4 Nxg3+ 31. hxg3 Qxg3 32. Rh2 Bh3 33. Rg1 Qe3 34. Rxg7+ Kh8 35. Rg5+ Qxe5 36. Rxe5 Bf5 37. Rh5 Ra5 38. Rexf5 Rg8 39. Rfg5 Raa8 40. Qd4+ 1-0

[Event "Titled Tuesday intern op 16th Feb"]
[Site "Chess.com INT"]
[Date "2021.02.16"]
[Round "6"]
[White "Lehtosaari, Mauri"]
[Black "Eynullaeva, Roza"]
[Result "0-1"]
[WhiteElo "2199"]
[BlackElo "2069"]
[PlyCount "78"]
[EventDate "2021.02.16"]
[EventType "swiss (blitz)"]
[EventRounds "11"]
[EventCountry "USA"]
[SourceTitle "EXT 2022"]
[Source "ChessBase"]
[SourceDate "2021.10.06"]
[SourceVersion "1"]
[SourceVersionDate "2021.10.06"]
[SourceQuality "1"]

1. d4 Nf6 2. Nf3 g6 3. Bg5 Bg7 4. Nbd2 d6 5. c3 c5 6. dxc5 dxc5 7. Bxf6 Bxf6 8. Ne4 Qb6 9. Nxf6+ Qxf6 10. e3 0-0 11. Be2 Nc6 12. 0-0 Be6 13. Qa4 Rfd8 14. Rfd1 Bd5 15. Qb5 b6 16. h3 Ne5 17. Nxe5 Qxe5 18. a4 Qc7 19. Bf1 Bc6 20. Qc4 Kg7 21. b4 Rxd1 22. Rxd1 Bxa4 23. Ra1 Bd7 24. bxc5 Qxc5 25. Qe4 Bc6 26. Qd4+ Qxd4 27. exd4 a5 28. c4 e6 29. Be2 Rd8 30. Rd1 Ba4 31. Rd2 Bb3 32. f3 a4 33. c5 bxc5 34. Kf2 Rxd4 35. Rb2 Rb4 36. Ke3 a3 37. Rb1 a2 38. Ra1 Bd5 39. Bd1 Rb1 0-1

[Event "Titled Tuesday intern op 14th April"]
[Site "Chess.com INT"]
[Date "2020.04.14"]
[Round "1"]
[White "Eynullaeva, Roza"]
[Black "Harsha, Bharathakoti"]
[Result "0-1"]
[WhiteElo "2069"]
[BlackElo "2509"]
[PlyCount "38"]
[EventDate "2020.04.14"]
[EventType "swiss (blitz)"]
[EventRounds "10"]
[EventCountry "USA"]
[SourceTitle "EXT 2021"]
[Source "ChessBase"]
[SourceDate "2020.10.23"]
[SourceVersion "1"]
[SourceVersionDate "2020.10.23"]
[SourceQuality "1"]

1. d4 Nf6 2. c4 e6 3. Nc3 Bb4 4. Qc2 b6 5. e3 Bb7 6. Nf3 Ne4 7. Be2 0-0 8. Bd2 Bxc3 9. Bxc3 f5 10. 0-0-0 a5 11. Bd3 Na6 12. a3 c5 13. dxc5 Naxc5 14. Bxe4 Bxe4 15. Ne5 Bxc2 16. Kxc2 d6 17. Nc6 Qe8 18. Nd4 Ne4 19. f3 Nf2 0-1

[Event "Titled Tuesday intern op 14th April"]
[Site "Chess.com INT"]
[Date "2020.04.14"]
[Round "4"]
[White "Firat, Burak"]
[Black "Eynullaeva, Roza"]
[Result "1-0"]
[WhiteElo "2474"]
[BlackElo "2069"]
[PlyCount "125"]
[EventDate "2020.04.14"]
[EventType "swiss (blitz)"]
[EventRounds "10"]
[EventCountry "USA"]
[SourceTitle "EXT 2021"]
[Source "ChessBase"]
[SourceDate "2020.10.23"]
[SourceVersion "1"]
[SourceVersionDate "2020.10.23"]
[SourceQuality "1"]

1. d4 Nf6 2. c4 g6 3. Nc3 d5 4. cxd5 Nxd5 5. e4 Nxc3 6. bxc3 Bg7 7. Nf3 c5 8. Be3 cxd4 9. cxd4 Nc6 10. Qd2 Bg4 11. Rd1 Bxf3 12. gxf3 0-0 13. f4 Qa5 14. Qxa5 Nxa5 15. Bd3 Rac8 16. Ke2 a6 17. Rc1 b5 18. e5 e6 19. a4 Nc4 20. axb5 axb5 21. Rb1 Rb8 22. Rhc1 Na3 23. Rb3 b4 24. Bd2 Nb5 25. Rxb4 Na7 26. Rc7 Rxb4 27. Bxb4 Rb8 28. Bc5 Nc8 29. Ba6 Nb6 30. Bb7 Na4 31. Bd6 Bf8 32. Bc6 Nb2 33. d5 Nc4 34. Bxf8 Rxf8 35. d6 Rd8 36. Be4 Nb6 37. Rb7 Nd7 38. Ke3 h6 39. Kd4 Kg7 40. Bc6 Nf8 41. Kc5 g5 42. d7 gxf4 43. Kd6 f6 44. Ke7 Rxd7+ 45. Bxd7 fxe5 46. Bxe6 e4 47. Kd6+ Kf6 48. Rf7+ Kg5 49. Rxf8 e3 50. fxe3 fxe3 51. Rf3 e2 52. Re3 h5 53. Rxe2 Kf4 54. h3 Kg3 55. Ra2 Kf3 56. Ra4 Kg3 57. Ke7 Kf3 58. Kf6 Kg3 59. Kg5 h4 60. Ra3+ Kh2 61. Kxh4 Kg2 62. Kg4 Kf2 63. h4 1-0

[Event "Olympiad Women-43"]
[Site "Batumi"]
[Date "2018.09.25"]
[Round "2.38"]
[White "Eynullaeva, Roza"]
[Black "Alboredo, Julia"]
[Result "1/2-1/2"]
[WhiteElo "2030"]
[BlackElo "2174"]
[PlyCount "133"]
[EventDate "2018.09.24"]
[EventType "team-swiss"]
[EventRounds "11"]
[EventCountry "GEO"]
[SourceTitle "EXT 2020"]
[Source "ChessBase"]
[SourceDate "2019.10.17"]
[SourceVersion "1"]
[SourceVersionDate "2019.10.17"]
[SourceQuality "1"]
[WhiteTeam "South Korea (W)"]
[BlackTeam "Brazil (W)"]
[WhiteTeamCountry "KOR"]
[BlackTeamCountry "BRA"]

1. d4 Nf6 2. c4 g6 3. Nc3 Bg7 4. e4 d6 5. Be2 0-0 6. Nf3 e5 7. Be3 exd4 8. Nxd4 Re8 9. f3 c6 10. Qd2 d5 11. exd5 cxd5 12. 0-0 Nc6 13. Rad1 Nxd4 14. Bxd4 dxc4 15. Bxc4 Be6 16. Bb5 Rf8 17. Qf2 a6 18. Bc5 Qc7 19. Bb6 Qc8 20. Ba4 Bc4 21. Rfe1 Qf5 22. g4 Qc8 23. Re7 Be6 24. g5 Nh5 25. Ne4 Nf4 26. Qe1 Bd5 27. Bd7 Qc2 28. Rd2 Qc4 29. b3 Qb4 30. Bc5 Qa5 31. Qe3 Bxe4 32. Rxe4 Nh5 33. b4 Qc7 34. Bxf8 Bxf8 35. Bg4 Qc1+ 36. Kg2 Ng7 37. Qe2 a5 38. b5 Bc5 39. Qd1 Qa3 40. Rd8+ Rxd8 41. Qxd8+ Bf8 42. Qd5 Qb2+ 43. Kh3 Qc1 44. Kg2 Qc2+ 45. Kg3 Qc1 46. Re2 Qg1+ 47. Rg2 Qe1+ 48. Kh3 b6 49. f4 Qf1 50. Qe5 Qd3+ 51. Rg3 Qf1+ 52. Rg2 Qd3+ 53. Kh4 Bd6 54. Qe2 Nf5+ 55. Bxf5 Qxf5 56. Qg4 Qxb5 57. Qc8+ Bf8 58. Rf2 Qb4 59. Kg3 Qe1 60. Kg2 Qe4+ 61. Kg3 Qe3+ 62. Kg2 Qe4+ 63. Kg3 Qe3+ 64. Rf3 Qe1+ 65. Kg2 Qe2+ 66. Rf2 Qe4+ 67. Kg3 1/2-1/2

[Event "Olympiad Women-43"]
[Site "Batumi"]
[Date "2018.09.24"]
[Round "1.4"]
[White "Eynullaeva, Roza"]
[Black "Javakhishvili, Lela"]
[Result "1-0"]
[WhiteElo "2030"]
[BlackElo "2475"]
[PlyCount "131"]
[EventDate "2018.09.24"]
[EventType "team-swiss"]
[EventRounds "11"]
[EventCountry "GEO"]
[SourceTitle "EXT 2020"]
[Source "ChessBase"]
[SourceDate "2019.10.17"]
[SourceVersion "1"]
[SourceVersionDate "2019.10.17"]
[SourceQuality "1"]
[WhiteTeam "South Korea (W)"]
[BlackTeam "Georgia (W)"]
[WhiteTeamCountry "KOR"]
[BlackTeamCountry "GEO"]

1. d4 d6 2. c4 e5 3. Nc3 Nf6 4. e4 exd4 5. Qxd4 Nc6 6. Qd2 g6 7. Bd3 Bg7 8. Nge2 0-0 9. 0-0 Ne5 10. f3 Nfd7 11. b3 Nxd3 12. Qxd3 Nc5 13. Qd2 f5 14. exf5 Bxf5 15. Bb2 c6 16. Ng3 Qh4 17. Nce2 Bxb2 18. Qxb2 Bd3 19. Rad1 Rae8 20. Rfe1 Re3 21. Nc1 Rxe1+ 22. Rxe1 b5 23. cxb5 Bxb5 24. Qc3 Qf6 25. Qd2 d5 26. b4 Ne6 27. Nb3 Bc4 28. Na5 Bb5 29. Nb3 Ba4 30. Rxe6 Qxe6 31. Nc5 Qe5 32. Nxa4 Rf4 33. Ne2 Rc4 34. Nb2 Rh4 35. g3 Rh5 36. Nd4 Qf6 37. Qf4 Qe7 38. Nd3 a5 39. a3 axb4 40. axb4 Qa7 41. Qe3 Qa1+ 42. Kg2 Qa2+ 43. Qe2 Qxe2+ 44. Nxe2 d4 45. f4 Rd5 46. Kf3 g5 47. fxg5 Rd8 48. Kf4 Kg7 49. Kg4 Re8 50. Nef4 Re3 51. Kf5 Kg8 52. g6 h6 53. Kf6 Re8 54. Ne6 Rb8 55. g4 Rb6 56. h4 Ra6 57. h5 Ra3 58. Nef4 Ra6 59. Nc5 Ra8 60. Nfe6 Rb8 61. Nxd4 Rxb4 62. Nce6 Rb1 63. Nf5 Rf1 64. g7 c5 65. Kg6 Rxf5 66. gxf5 1-0